El estudiante de Salamanca / (Record no. 14917)
[ view plain ]
| 000 -CABECERA | |
|---|---|
| campo de control de longitud fija | 00550nam a2200169 a 4500 |
| 001 - NÚMERO DE CONTROL | |
| campo de control | 000015352 |
| 005 - FECHA Y HORA DE LA ÚLTIMA TRANSACCIÓN | |
| campo de control | 20200929164022.0 |
| 008 - DATOS DE LONGITUD FIJA--INFORMACIÓN GENERAL | |
| campo de control de longitud fija | 100205s19uu sp 000 0 spa d |
| 020 ## - NÚMERO INTERNACIONAL ESTÁNDAR DEL LIBRO | |
| Número Internacional Estándar del Libro | 8474612888 |
| 082 ## - NÚMERO DE LA CLASIFICACIÓN DECIMAL DEWEY | |
| Número de clasificación | xxxx |
| Número de documento/Ítem | xxx |
| 040 ## - FUENTE DE LA CATALOGACIÓN | |
| Centro catalogador/agencia de origen | DO-SdBNP |
| 100 1# - ENTRADA PRINCIPAL--NOMBRE DE PERSONA | |
| Nombre de persona | Espronceda, José de, |
| Fechas asociadas al nombre | 1808-1842 |
| 9 (RLIN) | 3064 |
| 245 13 - MENCIÓN DE TÍTULO | |
| Título | El estudiante de Salamanca / |
| Mención de responsabilidad, etc. | José de Espronceda; prólogo Joaquín del Moral Ruiz. |
| 260 ## - PUBLICACIÓN, DISTRIBUCIÓN, ETC. | |
| Lugar de publicación, distribución, etc. | Madrid, España : |
| Nombre del editor, distribuidor, etc. | Club internacional del libro, |
| Fecha de publicación, distribución, etc. | [19uu]. |
| 300 ## - DESCRIPCIÓN FÍSICA | |
| Extensión | 180 p. ; |
| Dimensiones | 20 cm. |
| 700 1# - PUNTO DE ACCESO ADICIONAL--NOMBRE DE PERSONA | |
| Nombre de persona | Moral Ruiz, Joaquín, |
| Término indicativo de función/relación | ed. |
| 9 (RLIN) | 34699 |
| Estado de retiro | Estado de pérdida | Restricciones de uso | No para préstamo | Código de colección | Localización permanente | Ubicación/localización actual | Ubicación en estantería | Fecha de adquisición | Número de inventario | Total de préstamos | Signatura topográfica completa | Código de barras | Fecha visto por última vez | Precio válido a partir de | Tipo de ítem Koha | Número de copia |
|---|---|---|---|---|---|---|---|---|---|---|---|---|---|---|---|---|
| Excluido de préstamo | Monografías: Libros y Folletos | General | General | En catalogación | 05.02.2010 | LF1 | xxxx xxx | 15352-10 | 25.06.2020 | 25.06.2020 | No se presta | |||||
| Excluido de préstamo | Monografías: Libros y Folletos | General | General | En catalogación | 05.02.2010 | LF1 | xxxx xxx | 15352-20 | 25.06.2020 | 25.06.2020 | No se presta | e.2 | ||||
| Monografías: Libros y Folletos | General | General | En catalogación | 18.04.2011 | LF1 | xxxx xxx | 15352-30 | 25.06.2020 | 25.06.2020 | Préstamo en sala | e.3 |
